Rivers of Poland-Lithuania - Map Quiz - Statistics

General Stats
  • This quiz has been taken 211 times
  • The average score is 7 of 20
Answers on the Map
Answers color-coded by a green-red scale on the quiz's map according to % correct below.
 
Answer Stats
Answer % Correct
Dnieper
81%
Vistula
77%
Neman/ Memel
66%
Dniester
65%
Daugava/ Dvina
64%
Pripyat
50%
Warta
50%
Western Bug
40%
Southern Bug/ Buh
35%
Tisza
32%
Prut/ Pruth
27%
Neris
23%
Berezina
21%
Desna
15%
Inhulets
13%
Seym
11%
Styr
11%
Horyn/ Haryn
10%
Sozh
9%
Psel
7%
No matching quizzes found
Score Distribution
Percent of People with Each Score
Percentile by Number Answered
Your Score History
You have not taken this quiz